000 00644nam a2200253Ia 4500
003 OSt
005 20221005123612.0
006 a|||||r|||| 00| 0
007 ta
008 221004b |||||||| |||| 00| 0 eng d
024 _a38002
037 _cTextual
040 _aCRL
_cCRL
_beng
041 _2eng
_aeng
082 _aO:2J64:34, D6
100 _aShakespeare William
245 0 _aLoves labour's lost
250 _a2nd
260 _c1906
490 _aNew Variorum edition of Shakespeare
650 _aSHAKESPEARE, WILLIAM
942 _hO:2J64:34, D6
_cTEXL
_2cc
999 _c1047901
_d1047901